Legacies of Amiya Kumar Bagchi : On questioning the legitimacy of prevailing orthodoxy and its historical antecedents (Record no. 533146)
[ view plain ]
| 000 -LEADER | |
|---|---|
| fixed length control field | 01106nam a22001337a 4500 |
| 008 - FIXED-LENGTH DATA ELEMENTS--GENERAL INFORMATION | |
| fixed length control field | 260427b ||||| |||| 00| 0 eng d |
| 100 ## - MAIN ENTRY--PERSONAL NAME | |
| Personal name | Sen, Sunanda |
| 245 ## - TITLE STATEMENT | |
| Title | Legacies of Amiya Kumar Bagchi : On questioning the legitimacy of prevailing orthodoxy and its historical antecedents |
| 260 ## - PUBLICATION, DISTRIBUTION, ETC. (IMPRINT) | |
| Place of publication, distribution, etc | Economic & Political Weekly |
| 300 ## - PHYSICAL DESCRIPTION | |
| Extent | 61(7), Feb 14, 2026: p.37-41 |
| 520 ## - SUMMARY, ETC. | |
| Summary, etc | Can there be an alternative to the prevailing disruptions which the developing countries today are facing under subordination? The current pattern is linked to the ongoing political alliance between the respective ruling states and the dominating power—both of the global market as well as of finance. A change from the above regime requires instituting a welfare state with developmental goals and a people-oriented class composition of those in charge of administration. These changes are in line with what Amiya Kumar Bagchi had dreamt all his life. –Reproduced https://www.epw.in/journal/2026/7/perspectives/legacies-amiya-kumar-bagchi.html |
| 773 ## - HOST ITEM ENTRY | |
| Main entry heading | Economic & Political Weekly |
| 942 ## - ADDED ENTRY ELEMENTS (KOHA) | |
| Item type | Articles |
| Withdrawn status | Lost status | Source of classification or shelving scheme | Damaged status | Not for loan | Permanent location | Current location | Date acquired | Serial Enumeration / chronology | Barcode | Date last seen | Koha item type |
|---|---|---|---|---|---|---|---|---|---|---|---|
| Indian Institute of Public Administration | Indian Institute of Public Administration | 2026-04-27 | 61(7), Feb 14, 2026: p.37-41 | AR138656 | 2026-04-27 | Articles |
